[Event "22nd PKWN Festival it"]
[Site "Naleczow POL"]
[Date "1986.07.??"]
[Round "5"]
[White "Szymczak, Zbigniew"]
[Black "Przewoznik, Jan"]
[Result "1/2-1/2"]
[WhiteElo "2400"]
[BlackElo "2415"]
[EventDate "1986.07.15"]
[PlyCount "128"]

1.Nf3 Nf6 2.c4 e6 3.g3 d5 4.d4 dxc4 5.Bg2 a6 6.Ne5 c5 7.Be3 Nd5 8.dxc5 Nd7
9.Nxc4 Nxe3 10.Nxe3 Bxc5 11.O-O Bxe3 12.fxe3 O-O 13.Nd2 Qg5 14.Qb3 Ne5 15.
Nf3 Qh5 16.Nxe5 Qxe5 17.Rfd1 a5 18.Rac1 h5 19.Qb6 Qg5 20.Rc7 e5 21.Rdc1 h4
22.gxh4 Qxh4 23.Qc5 Bh3 24.Qxe5 Bxg2 25.Kxg2 Ra6 26.Kh1 Re6 27.Qf4 Qxf4 
28.exf4 Rxe2 29.R1c2 Rxc2 30.Rxc2 Rd8 31.Kg2 Rd3 32.b3 g6 33.Rc7 b6 34.Rc6
Rd2+ 35.Kg3 Rxa2 36.Rxb6 Ra3 37.Kg4 Kg7 38.Rb7 Ra2 39.Ra7 Rxh2 40.Rxa5 f5+
41.Kg3 Rd2 42.Rb5 Kh6 43.Rb6 Kh5 44.Kf3 Rd3+ 45.Ke2 Rc3 46.b4 Rb3 47.b5 
Rb1 48.Kf3 Rb2 49.Kg3 Rb3+ 50.Kf2 Kg4 51.Rxg6+ Kxf4 52.Re6 Rb2+ 53.Re2 
Rxb5 54.Ra2 Kg4 55.Ra4+ f4 56.Ra2 Rh5 57.Kg1 Kg3 58.Rg2+ Kf3 59.Ra2 Rb5 
60.Ra3+ Kg4 61.Rc3 Rb4 62.Ra3 Rb1+ 63.Kf2 Rb2+ 64.Kf1 f3 1/2-1/2

[Event "22nd PKWN Festival it"]
[Site "Naleczow POL"]
[Date "1986.07.??"]
[Round "5"]
[White "Vyzhmanavin, Alexei"]
[Black "Vukovic, Zdravko"]
[Result "1-0"]
[WhiteElo "2480"]
[BlackElo "2365"]
[EventDate "1986.07.15"]
[PlyCount "101"]

1.d4 d5 2.c4 e6 3.Nc3 Be7 4.Nf3 Nf6 5.Bg5 O-O 6.e3 Nbd7 7.Qc2 b6 8.cxd5 
exd5 9.Bd3 Bb7 10.O-O c5 11.Rad1 h6 12.Bh4 Nh5 13.Bxe7 Qxe7 14.Bh7+ Kh8 
15.Bf5 Nhf6 16.Rfe1 Rfd8 17.a3 Ne4 18.dxc5 Ndxc5 19.b4 Nxc3 20.Qxc3 Ne4 
21.Qd4 Nd6 22.Bd3 Rac8 23.Rc1 Nc4 24.Rc3 Kg8 25.Rec1 a5 26.bxa5 bxa5 27.
Ra1 Rb8 28.h4 Ba8 29.Bc2 Nd6 30.Qf4 Rdc8 31.Rxc8+ Rxc8 32.Nd4 Bb7 33.Rb1 
Rc7 34.Rb6 Nc4 35.Nf5 Qe5 36.Qxe5 Nxe5 37.Nd4 Nc4 38.Rb3 Kf8 39.Bd3 Nd6 
40.Kf1 Ke7 41.Ke2 Bc8 42.Rb6 Bd7 43.Ra6 a4 44.Kd2 Rc5 45.Ne2 Nc4+ 46.Bxc4 
Rxc4 47.g3 Bf5 48.Nc3 d4 49.Nd5+ Kd8 50.Ra8+ Bc8 51.Nb6 1-0

[Event "22nd PKWN Festival it"]
[Site "Naleczow POL"]
[Date "1986.07.??"]
[Round "6"]
[White "Kuligowski, Adam"]
[Black "Szymczak, Zbigniew"]
[Result "1/2-1/2"]
[WhiteElo "2385"]
[BlackElo "2400"]
[EventDate "1986.07.15"]
[PlyCount "23"]

1.d4 d5 2.c4 e6 3.cxd5 exd5 4.Nc3 c6 5.Bf4 Bf5 6.e3 Nf6 7.Bd3 Bxd3 8.Qxd3 
Bd6 9.Bxd6 Qxd6 10.Nf3 O-O 11.O-O Nbd7 12.b4 1/2-1/2

[Event "22nd PKWN Festival it"]
[Site "Naleczow POL"]
[Date "1986.07.??"]
[Round "6"]
[White "Nowak, Ignacy"]
[Black "Dybowski, Jerzy"]
[Result "1/2-1/2"]
[WhiteElo "2415"]
[BlackElo "2345"]
[EventDate "1986.07.15"]
[PlyCount "83"]

1.d4 f5 2.g3 Nf6 3.Bg2 d6 4.c4 c6 5.Nc3 Qc7 6.Bg5 Nbd7 7.d5 h6 8.Bd2 Ne5 
9.b3 g5 10.Rc1 Bg7 11.Nh3 Nf7 12.f4 g4 13.Nf2 e5 14.e4 c5 15.O-O O-O 16.
Qc2 exf4 17.Bxf4 Nh5 18.Bd2 Ne5 19.Nd3 Nf3+ 20.Bxf3 gxf3 21.Rxf3 fxe4 22.
Rxf8+ Kxf8 23.Nxe4 Qe7 24.Ndf2 Bd7 25.Bc3 Re8 26.Qd1 Bxc3 27.Rxc3 Qe5 28.
Rf3+ Kg7 29.Kg2 Bg4 30.Nxg4 Qxe4 31.Qa1+ Kg6 32.Nf2 Qe1 33.Qxe1 Rxe1 34.
Nd3 Rd1 35.Nf4+ Nxf4+ 36.Rxf4 b5 37.cxb5 Rd2+ 38.Kf3 Rxa2 39.Re4 Rxh2 40.
Re6+ Kf5 41.Rxd6 Ke5 42.Ra6 1/2-1/2

[Event "22nd PKWN Festival it"]
[Site "Naleczow POL"]
[Date "1986.07.??"]
[Round "6"]
[White "Przewoznik, Jan"]
[Black "Horvath, Jozsef"]
[Result "1/2-1/2"]
[WhiteElo "2415"]
[BlackElo "2440"]
[EventDate "1986.07.15"]
[PlyCount "122"]

1.e4 c5 2.Nf3 e6 3.d4 cxd4 4.Nxd4 Nc6 5.Nb5 d6 6.c4 Nf6 7.N1c3 a6 8.Na3 
Be7 9.Be2 O-O 10.O-O b6 11.Be3 Bb7 12.Qd2 Ne5 13.f3 Ned7 14.Rfd1 Re8 15.
Bf1 Rc8 16.Qf2 d5 17.exd5 exd5 18.Nxd5 Nxd5 19.cxd5 b5 20.d6 Bh4 21.Qd2 
Qf6 22.Qd4 Re6 23.Qxf6 Bxf6 24.Bd4 Rxd6 25.Bxf6 Rxd1 26.Rxd1 Nxf6 27.Nc2 
Nd5 28.Rd2 Kf8 29.a3 Ke7 30.Kf2 g6 31.g3 Rc5 32.Bd3 Nb6 33.Ne3 Rc1 34.Rc2 
Rxc2+ 35.Nxc2 Kd6 36.b4 Bd5 37.Ke3 Bc4 38.Be4 Bb3 39.Nd4 Nc4+ 40.Ke2 Ba4 
41.Bb7 Kc7 42.Bd5 Nxa3 43.Bxf7 Kb6 44.Kd2 a5 45.bxa5+ Kxa5 46.f4 Kb4 47.
Bg8 h6 48.h4 Kc5 49.Kd3 b4 50.Bf7 Nb5 51.Nf3 b3 52.Bxg6 b2 53.Nd2 Nd4 54.
Kc3 Ne2+ 55.Kxb2 Nxg3 56.f5 Kd6 57.Nc4+ Ke7 58.Ne3 Be8 59.f6+ Kf8 60.Bd3 
Nh5 61.Ng4 Bd7 1/2-1/2

[Event "22nd PKWN Festival it"]
[Site "Naleczow POL"]
[Date "1986.07.??"]
[Round "6"]
[White "Redzepagic, Rolando"]
[Black "Gazik, Igor"]
[Result "0-1"]
[WhiteElo "2360"]
[BlackElo "2420"]
[EventDate "1986.07.15"]
[PlyCount "88"]

1.d4 f5 2.Bg5 h6 3.Bh4 g5 4.Bg3 f4 5.e3 e5 6.exf4 exf4 7.Bxf4 gxf4 8.Qh5+ 
Ke7 9.Qe5+ Kf7 10.Bc4+ d5 11.Bxd5+ Kg6 12.Be4+ Kf7 13.Qxh8 Nf6 14.Nc3 Nc6 
15.Nf3 Qe7 16.Ne5+ Nxe5 17.dxe5 Qxe5 18.O-O-O Bg4 19.Bf3 Re8 20.Rhe1 Qxe1 
21.Rxe1 Rxe1+ 22.Kd2 Bxf3 23.Kxe1 Bc6 24.f3 Be8 25.Ne4 Bg7 26.Ng5+ Kg6 27.
Qxg7+ Kxg7 28.Ne6+ Kg6 29.Nxf4+ Kf5 30.Nd3 b6 31.g4+ Kg5 32.Kf2 Bb5 33.Ne5
Nd7 34.Nxd7 Bxd7 35.Kg3 Be6 36.h4+ Kf6 37.b3 Ke5 38.c3 a5 39.f4+ Ke4 40.h5
Bf7 41.c4 Be8 42.f5 Bf7 43.g5 Kxf5 44.gxh6 Bg8 0-1

[Event "22nd PKWN Festival it"]
[Site "Naleczow POL"]
[Date "1986.07.??"]
[Round "6"]
[White "Vukovic, Zdravko"]
[Black "Popchev, Milko"]
[Result "1/2-1/2"]
[WhiteElo "2365"]
[BlackElo "2380"]
[EventDate "1986.07.15"]
[PlyCount "33"]

1.e4 d6 2.d4 Nf6 3.Nc3 g6 4.Nf3 Bg7 5.Be2 O-O 6.O-O Bg4 7.Be3 Nc6 8.Qd2 e5
9.dxe5 dxe5 10.Rad1 Qe7 11.Nd5 Nxd5 12.Qxd5 Be6 13.Qc5 Qxc5 14.Bxc5 Rfd8 
15.Ng5 Nd4 16.Bxd4 exd4 17.Nxe6 1/2-1/2

[Event "22nd PKWN Festival it"]
[Site "Naleczow POL"]
[Date "1986.07.??"]
[Round "6"]
[White "Vyzhmanavin, Alexei"]
[Black "Sygulski, Artur"]
[Result "1-0"]
[WhiteElo "2480"]
[BlackElo "2425"]
[EventDate "1986.07.15"]
[PlyCount "161"]

1.Nf3 Nf6 2.c4 g6 3.d4 Bg7 4.Nc3 d5 5.cxd5 Nxd5 6.Bd2 O-O 7.Rc1 Nb6 8.Bf4 
Nc6 9.e3 Be6 10.Be2 Nd5 11.Bg3 Nxc3 12.Rxc3 Rc8 13.a3 Nb8 14.O-O c6 15.Qc2
Bg4 16.h3 Bxf3 17.Bxf3 Nd7 18.Rd1 Nb6 19.b4 Qd7 20.Rc5 Rfd8 21.a4 e6 22.
Qb3 Bf8 23.b5 Nd5 24.e4 Ne7 25.Bh4 Re8 26.Be2 cxb5 27.axb5 b6 28.Rc4 Rxc4 
29.Bxc4 Bg7 30.g4 h6 31.Bg3 g5 32.d5 exd5 33.exd5 Ng6 34.d6 Be5 35.Bd5 Rd8
36.Bxe5 Nxe5 37.Qc3 Nxg4 38.Qf3 Ne5 39.Qf6 Qxd6 40.Bxf7+ Nxf7 41.Rxd6 Rxd6
42.Qf5 Kg7 43.h4 Rf6 44.Qd7 gxh4 45.Qxa7 Kg6 46.f4 Kh5 47.Kh2 Kg6 48.Qc7 
h5 49.Qc2+ Kg7 50.Qg2+ Kh6 51.Qg1 Kh7 52.Qd4 Kg7 53.Qg1+ Rg6 54.Qa1+ Rf6 
55.Kh3 Kg6 56.Qb1+ Kh6 57.Qc1 Kg6 58.Qc2+ Kh6 59.Qd2 Kg6 60.Qd3+ Kg7 61.
Qd2 Nh8 62.Qg2+ Rg6 63.Qb2+ Rf6 64.Kxh4 Nf7 65.Kxh5 Nh8 66.Qc3 Nf7 67.Qa1 
Nh8 68.f5 Nf7 69.Kg4 Nh6+ 70.Kf4 Nf7 71.Qb2 Nh6 72.Qg2+ Kf8 73.Ke5 Rxf5+ 
74.Ke6 Rf7 75.Qa8+ Kg7 76.Qa1+ Kf8 77.Qa3+ Kg7 78.Qg3+ Kf8 79.Qd6+ Kg7 80.
Qd4+ Kf8 81.Qd8+ 1-0

[Event "22nd PKWN Festival it"]
[Site "Naleczow POL"]
[Date "1986.07.??"]
[Round "7"]
[White "Dybowski, Jerzy"]
[Black "Przewoznik, Jan"]
[Result "1/2-1/2"]
[WhiteElo "2345"]
[BlackElo "2415"]
[EventDate "1986.07.15"]
[PlyCount "33"]

1.d4 d5 2.c4 e6 3.Nc3 Nf6 4.Bg5 Be7 5.e3 Nbd7 6.Nf3 c6 7.Bd3 O-O 8.O-O 
dxc4 9.Bxc4 Nd5 10.Bxe7 Qxe7 11.Rc1 Nxc3 12.Rxc3 e5 13.dxe5 Nxe5 14.Nxe5 
Qxe5 15.Qe2 Be6 16.Rd1 Rfd8 17.Rxd8+ 1/2-1/2

[Event "22nd PKWN Festival it"]
[Site "Naleczow POL"]
[Date "1986.07.??"]
[Round "7"]
[White "Gazik, Igor"]
[Black "Vyzhmanavin, Alexei"]
[Result "1-0"]
[WhiteElo "2420"]
[BlackElo "2480"]
[EventDate "1986.07.15"]
[PlyCount "79"]

1.e4 c5 2.Nf3 Nc6 3.d4 cxd4 4.Nxd4 Nf6 5.Nc3 e5 6.Ndb5 d6 7.Bg5 a6 8.Bxf6 
gxf6 9.Na3 b5 10.Nd5 f5 11.c3 Bg7 12.exf5 Bxf5 13.Nc2 Be6 14.Nce3 Ne7 15.
a4 Nxd5 16.Nxd5 O-O 17.Be2 Rc8 18.O-O bxa4 19.Rxa4 Rc5 20.Bc4 a5 21.Ba2 
Rb5 22.Qd2 Qd7 23.Rh4 f5 24.b4 Kh8 25.c4 Rb7 26.bxa5 e4 27.Nb6 Qc7 28.Rh3 
f4 29.Rh5 Bg4 30.Rb5 e3 31.Qd3 Bf5 32.Rxf5 exf2+ 33.Kh1 Rxf5 34.Qxf5 Rb8 
35.Bb1 Bd4 36.Qxf4 Qg7 37.Qxd6 Re8 38.c5 Rg8 39.Be4 Be5 40.Qe6 1-0

[Event "22nd PKWN Festival it"]
[Site "Naleczow POL"]
[Date "1986.07.??"]
[Round "7"]
[White "Horvath, Jozsef"]
[Black "Kuligowski, Adam"]
[Result "1-0"]
[WhiteElo "2440"]
[BlackElo "2385"]
[EventDate "1986.07.15"]
[PlyCount "45"]

1.e4 e6 2.d4 d5 3.Nd2 Nc6 4.c3 e5 5.exd5 Qxd5 6.Ngf3 exd4 7.Bc4 Qf5 8.Nxd4
Nxd4 9.cxd4 Be6 10.Qa4+ Bd7 11.Qb3 O-O-O 12.O-O Be6 13.Re1 Bxc4 14.Nxc4 f6
15.Be3 Qd5 16.Bf4 g5 17.Bg3 Ne7 18.Rac1 Nc6 19.Re8 Qxd4 20.Rxd8+ Qxd8 21.
Na5 Bb4 22.Nxc6 Qd2 23.Qe6+ 1-0

[Event "22nd PKWN Festival it"]
[Site "Naleczow POL"]
[Date "1986.07.??"]
[Round "7"]
[White "Popchev, Milko"]
[Black "Nowak, Ignacy"]
[Result "0-1"]
[WhiteElo "2380"]
[BlackElo "2415"]
[EventDate "1986.07.15"]
[PlyCount "112"]

1.e4 e6 2.d4 d5 3.e5 c5 4.c3 Nc6 5.Nf3 Qb6 6.a3 c4 7.g3 Bd7 8.h4 Na5 9.
Nbd2 f6 10.Bh3 Nh6 11.O-O O-O-O 12.Re1 Nf7 13.Rb1 f5 14.Nf1 Be7 15.Qe2 g6 
16.g4 Ba4 17.Bf4 Rdf8 18.Ne3 Qd8 19.Ng2 fxg4 20.Bxg4 Bd7 21.Qe3 h6 22.Bg3 
h5 23.Bh3 g5 24.hxg5 Bxg5 25.Nxg5 Nxg5 26.Bh4 Nxh3+ 27.Qxh3 Qe8 28.Bf6 
Rhg8 29.Re2 Rxg2+ 30.Qxg2 Rg8 31.Bg5 Qg6 32.Rf1 Qxg5 33.Qxg5 Rxg5+ 34.Kh2 
Nc6 35.f4 Rg6 36.Rg2 Rxg2+ 37.Kxg2 Ne7 38.Kf3 Be8 39.Rg1 Kd8 40.Rg5 Bf7 
41.Rg1 Bg6 42.Kg3 Nf5+ 43.Kh3 Bf7 44.Rg5 Kc7 45.Rg1 Kb6 46.Rb1 Ka5 47.b3 
cxb3 48.Rxb3 b5 49.Rb4 a6 50.Kh2 Bg6 51.Kh3 Bh7 52.Kg2 Ne3+ 53.Kg3 Nc2 54.
Rb2 Ka4 55.c4 bxc4 56.Rb6 Nxd4 0-1

[Event "22nd PKWN Festival it"]
[Site "Naleczow POL"]
[Date "1986.07.??"]
[Round "7"]
[White "Sygulski, Artur"]
[Black "Vukovic, Zdravko"]
[Result "1/2-1/2"]
[WhiteElo "2425"]
[BlackElo "2365"]
[EventDate "1986.07.15"]
[PlyCount "111"]

1.d4 d5 2.Nf3 Nf6 3.c4 e6 4.Nc3 Be7 5.Bg5 O-O 6.e3 Nbd7 7.Qb3 c5 8.cxd5 
exd5 9.Be2 cxd4 10.exd4 Nb6 11.O-O Be6 12.Rac1 Ne4 13.Bxe7 Qxe7 14.a4 Rfc8
15.a5 Nc4 16.Nxe4 dxe4 17.Bxc4 Rxc4 18.Rxc4 Bxc4 19.Qxc4 exf3 20.gxf3 Qg5+
21.Kh1 Qxa5 22.Rd1 Qf5 23.Qb3 b6 24.d5 Rd8 25.d6 h5 26.Qe3 Qf6 27.d7 Qe6 
28.Qd4 h4 29.Kg2 Qg6+ 30.Kf1 Qe6 31.Rd3 h3 32.f4 Qf5 33.Ke2 Qc5 34.Qxc5 
bxc5 35.Kd2 Kf8 36.Kc3 Ke7 37.Kc4 Rxd7 38.Rxd7+ Kxd7 39.Kxc5 Kc7 40.Kb5 
Kb7 41.f5 Kc7 42.Kc5 Kd7 43.f6 gxf6 44.Kd5 Kc7 45.Kc5 Kd7 46.Kd5 Kc7 47.
Ke4 Kd6 48.Kf4 Kd5 49.Kg3 Ke4 50.Kxh3 Kf3 51.Kh4 Kg2 52.h3 f5 53.Kg5 Kxh3 
54.Kxf5 Kg2 55.f4 Kf3 56.b4 1/2-1/2

[Event "22nd PKWN Festival it"]
[Site "Naleczow POL"]
[Date "1986.07.??"]
[Round "7"]
[White "Szymczak, Zbigniew"]
[Black "Redzepagic, Rolando"]
[Result "1-0"]
[WhiteElo "2400"]
[BlackElo "2360"]
[EventDate "1986.07.15"]
[PlyCount "61"]

1.d4 d5 2.c4 c6 3.Nf3 Nf6 4.Qc2 Bg4 5.Ne5 e6 6.Nxg4 Nxg4 7.h3 Nf6 8.e3 Ne4
9.Nc3 f5 10.Bd3 Bd6 11.O-O O-O 12.Ne2 Nd7 13.f3 Ng3 14.Nxg3 Bxg3 15.Bd2 
Bd6 16.c5 Bc7 17.b4 Qf6 18.f4 g5 19.fxg5 Qxg5 20.Rf3 a6 21.e4 Qg7 22.e5 
Kh8 23.Bf4 Rg8 24.a4 Qf7 25.Kh2 Nf8 26.Raf1 Qe7 27.Rg3 Ng6 28.Bg5 Qd7 29.
Bf6+ Rg7 30.h4 Bd8 31.h5 1-0

[Event "22nd PKWN Festival it"]
[Site "Naleczow POL"]
[Date "1986.07.??"]
[Round "8"]
[White "Kuligowski, Adam"]
[Black "Dybowski, Jerzy"]
[Result "1-0"]
[WhiteElo "2385"]
[BlackElo "2345"]
[EventDate "1986.07.15"]
[PlyCount "59"]

1.d4 f5 2.Nf3 Nf6 3.g3 g6 4.b3 Bg7 5.Bb2 d6 6.Bg2 O-O 7.O-O e5 8.dxe5 Ng4 
9.Na3 Nxe5 10.Nxe5 dxe5 11.Qxd8 Rxd8 12.Rad1 Re8 13.Nb5 Na6 14.Bd5+ Kh8 
15.Bf7 Rf8 16.Ba3 c5 17.Bc4 e4 18.f3 exf3 19.exf3 f4 20.g4 b6 21.c3 Bb7 
22.Nd6 b5 23.Bxb5 Nc7 24.Bc4 Ba6 25.Bxc5 Bxc3 26.Ne4 Bg7 27.Bxf8 Bxf8 28.
Rd7 Bxc4 29.bxc4 Ne6 30.Rb1 1-0

[Event "22nd PKWN Festival it"]
[Site "Naleczow POL"]
[Date "1986.07.??"]
[Round "8"]
[White "Przewoznik, Jan"]
[Black "Popchev, Milko"]
[Result "1/2-1/2"]
[WhiteElo "2415"]
[BlackElo "2380"]
[EventDate "1986.07.15"]
[PlyCount "103"]

1.e4 d6 2.d4 Nf6 3.Nc3 g6 4.Nf3 Bg7 5.h3 O-O 6.Be3 c6 7.a4 a5 8.Be2 Na6 9.
O-O d5 10.e5 Ne8 11.Qd2 Nac7 12.Nh4 b6 13.f4 e6 14.Nf3 Ba6 15.g4 f5 16.Rf2
Rf7 17.Ng5 Re7 18.Rg2 Qd7 19.gxf5 exf5 20.h4 Bh6 21.h5 Bxg5 22.Rxg5 Ne6 
23.Rg2 Bxe2 24.Nxe2 Nf8 25.Bf2 Ra7 26.Ra3 Rg7 27.Rh3 b5 28.axb5 cxb5 29.
Bh4 Ra6 30.Bg5 b4 31.Bh6 Rf7 32.Qd3 Nc7 33.Rhg3 Qe8 34.Bxf8 Rxf8 35.hxg6 
Rxg6 36.c3 Qf7 37.Qf3 Rxg3 38.Nxg3 Kh8 39.cxb4 axb4 40.Nh5 Rg8 41.Nf6 
Rxg2+ 42.Kxg2 Ne6 43.Kf2 Nxd4 44.Qxd5 Ne6 45.Qc4 Qe7 46.Qc8+ Kg7 47.Qg8+ 
Kh6 48.Qg3 Qa7+ 49.Kf1 Qa1+ 50.Kg2 Qxb2+ 51.Kh3 Qa3 52.Ng8+ 1/2-1/2

[Event "22nd PKWN Festival it"]
[Site "Naleczow POL"]
[Date "1986.07.??"]
[Round "8"]
[White "Redzepagic, Rolando"]
[Black "Horvath, Jozsef"]
[Result "1/2-1/2"]
[WhiteElo "2360"]
[BlackElo "2440"]
[EventDate "1986.07.15"]
[PlyCount "34"]

1.d4 Nf6 2.Nf3 e6 3.c4 b6 4.g3 Ba6 5.Nbd2 Bb7 6.Bg2 Be7 7.O-O O-O 8.b3 d5 
9.Bb2 Na6 10.Ne5 c5 11.dxc5 Nxc5 12.Rc1 Rc8 13.b4 Ncd7 14.Qa4 Nxe5 15.Bxe5
Qd7 16.Qxa7 Bxb4 17.Nb3 Ng4 1/2-1/2

[Event "22nd PKWN Festival it"]
[Site "Naleczow POL"]
[Date "1986.07.??"]
[Round "8"]
[White "Sygulski, Artur"]
[Black "Gazik, Igor"]
[Result "1-0"]
[WhiteElo "2425"]
[BlackElo "2420"]
[EventDate "1986.07.15"]
[PlyCount "63"]

1.d4 f5 2.g3 Nf6 3.Bg2 g6 4.c4 Bg7 5.Nc3 O-O 6.Bg5 d6 7.Qd2 Nc6 8.h4 e5 9.
d5 Ne7 10.Bh6 Bxh6 11.Qxh6 f4 12.Bh3 Bxh3 13.Nxh3 Ng4 14.Qg5 Qd7 15.f3 Rf5
16.Qxg4 h5 17.Qxf5 Nxf5 18.gxf4 Nxh4 19.Kf2 Rf8 20.Rag1 exf4 21.Ng5 Nf5 
22.Ne6 Ng3 23.Rh4 Qe7 24.Rh2 g5 25.Ne4 h4 26.N4xg5 Rf5 27.Rxh4 Rxg5 28.
Rxf4 Rg6 29.Rxg3 Rxg3 30.Kxg3 c6 31.Rf8+ Kh7 32.Rf7+ 1-0

[Event "22nd PKWN Festival it"]
[Site "Naleczow POL"]
[Date "1986.07.??"]
[Round "8"]
[White "Vukovic, Zdravko"]
[Black "Nowak, Ignacy"]
[Result "1-0"]
[WhiteElo "2365"]
[BlackElo "2415"]
[EventDate "1986.07.15"]
[PlyCount "58"]

1.e4 c5 2.Nf3 d6 3.d4 Nf6 4.Nc3 cxd4 5.Nxd4 e6 6.Be2 Be7 7.Bg5 a6 8.Qd3 h6
9.Bh4 Nbd7 10.O-O-O Qc7 11.f4 Nc5 12.Qe3 Bd7 13.h3 Na4 14.Nxa4 Bxa4 15.Kb1
Rc8 16.Bd3 Bd7 17.c4 e5 18.Nf5 Bxf5 19.exf5 O-O 20.g4 exf4 21.Qxf4 Nd5 22.
cxd5 Bxh4 23.f6 g6 24.Rc1 Qb6 25.Rxc8 Rxc8 26.Bxg6 fxg6 27.Qxh6 Qc7 28.
Qxg6+ Kf8 29.Rf1 Bg5 1-0

[Event "22nd PKWN Festival it"]
[Site "Naleczow POL"]
[Date "1986.07.??"]
[Round "8"]
[White "Vyzhmanavin, Alexei"]
[Black "Szymczak, Zbigniew"]
[Result "1-0"]
[WhiteElo "2480"]
[BlackElo "2400"]
[EventDate "1986.07.15"]
[PlyCount "73"]

1.Nf3 Nf6 2.c4 c5 3.Nc3 e6 4.e3 d5 5.d4 a6 6.cxd5 exd5 7.Be2 Nc6 8.O-O Bd6
9.dxc5 Bxc5 10.b3 O-O 11.Na4 Ba7 12.Bb2 Ne4 13.Rc1 Re8 14.Nd4 Bd7 15.Nxc6 
Bxc6 16.Bd4 Bxa4 17.bxa4 Bxd4 18.Qxd4 Qa5 19.Rc2 Rac8 20.Rfc1 Rxc2 21.Rxc2
h6 22.g3 Qe1+ 23.Bf1 Nf6 24.Kg2 h5 25.Be2 Qb1 26.Bd3 Qe1 27.Rc7 Ng4 28.Qf4
Nf6 29.Rxb7 Qd2 30.Bxa6 Qxa2 31.Bb5 Rc8 32.Rb8 Rxb8 33.Qxb8+ Kh7 34.Bd3+ 
g6 35.Qf4 Kg7 36.Qd4 Qa3 37.h3 1-0

[Event "22nd PKWN Festival it"]
[Site "Naleczow POL"]
[Date "1986.07.??"]
[Round "9"]
[White "Gazik, Igor"]
[Black "Vukovic, Zdravko"]
[Result "0-1"]
[WhiteElo "2420"]
[BlackElo "2365"]
[EventDate "1986.07.15"]
[PlyCount "62"]

1.e4 c5 2.Nf3 Nc6 3.d4 cxd4 4.Nxd4 Nf6 5.Nc3 d6 6.Bg5 e6 7.Qd2 Be7 8.O-O-O
O-O 9.f4 h6 10.Bh4 Bd7 11.g4 Nxe4 12.Nxe4 Bxh4 13.Nf3 d5 14.g5 dxe4 15.
Nxh4 hxg5 16.fxg5 Ne5 17.Qe3 Qa5 18.Kb1 Ba4 19.b3 Bc6 20.Bg2 Rac8 21.Rhg1 
Bd5 22.Bxe4 Bxe4 23.Qxe4 Nc4 24.Rg2 Qc3 25.bxc4 Rxc4 26.Qxc4 Qxc4 27.Nf3 
Qb4+ 28.Kc1 Qa3+ 29.Kb1 Qb4+ 30.Kc1 Qa3+ 31.Kb1 Qxf3 0-1

[Event "22nd PKWN Festival it"]
[Site "Naleczow POL"]
[Date "1986.07.??"]
[Round "9"]
[White "Horvath, Jozsef"]
[Black "Vyzhmanavin, Alexei"]
[Result "1/2-1/2"]
[WhiteElo "2440"]
[BlackElo "2480"]
[EventDate "1986.07.15"]
[PlyCount "85"]

1.e4 c5 2.Nf3 Nc6 3.d4 cxd4 4.Nxd4 Nf6 5.Nc3 e5 6.Ndb5 d6 7.Bg5 a6 8.Na3 
b5 9.Bxf6 gxf6 10.Nd5 f5 11.c3 Bg7 12.exf5 Bxf5 13.Nc2 Be6 14.a4 O-O 15.
axb5 axb5 16.Rxa8 Qxa8 17.Nce3 Qb7 18.Bd3 f5 19.Qh5 e4 20.Bb1 Ne7 21.Nf4 
Bf7 22.Qg5 b4 23.O-O h6 24.Qg3 Kh7 25.f3 bxc3 26.bxc3 Be5 27.fxe4 Ng6 28.
Ned5 Nxf4 29.Nxf4 fxe4 30.Qe1 Bg6 31.Nxg6 Rxf1+ 32.Kxf1 Qf7+ 33.Kg1 Kxg6 
34.Qxe4+ Kf6 35.g3 Qh5 36.Qd3 Qg4 37.Kg2 Ke7 38.c4 Qd4 39.Qh7+ Bg7 40.Be4 
Qd2+ 41.Kh3 Qg5 42.Bf3 Qe5 43.Qe4 1/2-1/2

[Event "22nd PKWN Festival it"]
[Site "Naleczow POL"]
[Date "1986.07.??"]
[Round "9"]
[White "Nowak, Ignacy"]
[Black "Przewoznik, Jan"]
[Result "1/2-1/2"]
[WhiteElo "2415"]
[BlackElo "2415"]
[EventDate "1986.07.15"]
[PlyCount "123"]

1.e4 c5 2.Nf3 Nc6 3.d4 cxd4 4.Nxd4 Nf6 5.Nc3 d6 6.Bg5 e6 7.Qd2 a6 8.O-O-O 
Be7 9.f4 Bd7 10.Nf3 b5 11.Bxf6 gxf6 12.Bd3 Qb6 13.Rhf1 O-O-O 14.Kb1 h5 15.
Qe1 Kb8 16.Rc1 Na5 17.Nd1 Bc6 18.Ne3 Rd7 19.c3 Ba8 20.Qe2 Nb7 21.b4 Rc7 
22.Rc2 Nd8 23.Rfc1 Nc6 24.a3 Rhc8 25.Nd1 Rg8 26.Ne3 Bb7 27.Nd2 Bf8 28.Ndf1
Rh8 29.h4 Ne7 30.Ng3 Ng6 31.Qf2 Bh6 32.Nxh5 Ne5 33.Qe2 Nxd3 34.Qxd3 Qc6 
35.Nxf6 Bxf4 36.Rf1 Rxh4 37.Neg4 Be5 38.Nxe5 dxe5 39.Kb2 Rf4 40.Rxf4 exf4 
41.Qd4 Ka8 42.Qe5 Qc4 43.Rd2 Ka7 44.Ne8 Rc6 45.Nd6 f6 46.Nxc4 fxe5 47.Nxe5
Rc7 48.Re2 Rg7 49.Nd3 Rg4 50.Nc5 e5 51.Rd2 Bc8 52.Nd3 Rg5 53.Ne1 Rg3 54.
Nf3 Bh3 55.Nxe5 Bxg2 56.Rd7+ Kb6 57.Rf7 Bxe4 58.Rxf4 Rg2+ 59.Kc1 Rc2+ 60.
Kd1 Rxc3 61.Rxe4 Rxa3 62.Rh4 1/2-1/2

[Event "22nd PKWN Festival it"]
[Site "Naleczow POL"]
[Date "1986.07.??"]
[Round "9"]
[White "Szymczak, Zbigniew"]
[Black "Sygulski, Artur"]
[Result "1/2-1/2"]
[WhiteElo "2400"]
[BlackElo "2425"]
[EventDate "1986.07.15"]
[PlyCount "24"]

1.d4 Nf6 2.c4 g6 3.Nc3 d5 4.cxd5 Nxd5 5.e4 Nxc3 6.bxc3 Bg7 7.Bc4 c5 8.Ne2 
O-O 9.O-O cxd4 10.cxd4 Nc6 11.Be3 Na5 12.Bd3 Nc6 1/2-1/2

[Event "22nd PKWN Festival it"]
[Site "Naleczow POL"]
[Date "1986.07.??"]
[Round "10"]
[White "Gazik, Igor"]
[Black "Szymczak, Zbigniew"]
[Result "1/2-1/2"]
[WhiteElo "2420"]
[BlackElo "2400"]
[EventDate "1986.07.15"]
[PlyCount "26"]

1.Nf3 Nf6 2.g3 e6 3.Bg2 c5 4.c4 d5 5.cxd5 Nxd5 6.Nc3 Nc6 7.O-O Be7 8.Nxd5 
exd5 9.d4 O-O 10.dxc5 Bxc5 11.Bf4 Re8 12.Qc2 Bb6 13.Rfd1 Qf6 1/2-1/2

[Event "22nd PKWN Festival it"]
[Site "Naleczow POL"]
[Date "1986.07.??"]
[Round "10"]
[White "Kuligowski, Adam"]
[Black "Nowak, Ignacy"]
[Result "0-1"]
[WhiteElo "2385"]
[BlackElo "2415"]
[EventDate "1986.07.15"]
[PlyCount "86"]

1.d4 Nf6 2.c4 g6 3.Nc3 Bg7 4.e4 d6 5.f3 O-O 6.Bg5 c5 7.d5 e6 8.Qd2 exd5 9.
cxd5 a6 10.a4 h6 11.Be3 Nh7 12.Nge2 Nd7 13.Nf4 Ne5 14.Be2 Qh4+ 15.g3 Qe7 
16.O-O Bd7 17.Ra3 Rae8 18.Kh1 Nf6 19.Ng2 Kh7 20.Rb3 Bc8 21.g4 h5 22.g5 
Nfd7 23.f4 c4 24.Rb4 a5 25.Rb5 Nd3 26.b3 N7c5 27.bxc4 Bxc3 28.Qxc3 Nxe4 
29.Qd4 Ndc5 30.Bd1 Bh3 31.Bc1 f6 32.gxf6 Rxf6 33.Bc2 Rf7 34.Bb2 Qd7 35.Qe3
Qg4 36.Qf3 Nd2 37.Qxg4 hxg4 38.Rf2 Nxc4 39.Bc3 Na3 40.Rxa5 Nxc2 41.Rxc2 g5
42.Bb4 gxf4 43.Kg1 Nd3 0-1

[Event "22nd PKWN Festival it"]
[Site "Naleczow POL"]
[Date "1986.07.??"]
[Round "10"]
[White "Redzepagic, Rolando"]
[Black "Popchev, Milko"]
[Result "1-0"]
[WhiteElo "2360"]
[BlackElo "2380"]
[EventDate "1986.07.15"]
[PlyCount "117"]

1.d4 Nf6 2.c4 b6 3.Nf3 Bb7 4.e3 e6 5.Bd3 Be7 6.O-O O-O 7.Nc3 d5 8.cxd5 
exd5 9.Qc2 Na6 10.a3 c5 11.Rd1 c4 12.Bf1 Nc7 13.b3 b5 14.Rb1 Rb8 15.Ne5 
Ba8 16.bxc4 dxc4 17.f3 a5 18.e4 Nd7 19.Nxd7 Qxd7 20.Na2 Ne6 21.Qf2 Rfc8 
22.d5 Bc5 23.Be3 Bxe3 24.Qxe3 Nc5 25.Bxc4 Na4 26.Bf1 g6 27.Rdc1 Re8 28.Qd4
Red8 29.Nc3 Nxc3 30.Rxc3 Qe8 31.Rc5 Bc6 32.Qc3 b4 33.axb4 axb4 34.Rxb4 
Rxb4 35.Qxb4 Rb8 36.Qd4 Bd7 37.Rc7 Rb1 38.Qd3 Ra1 39.Qc3 Rb1 40.Qc2 Ra1 
41.Qb2 Ra8 42.Rb7 Qc8 43.Qb6 Ba4 44.Qc7 Qf8 45.h3 Rd8 46.Qa5 Bd7 47.Qb4 
Qe8 48.Bb5 Bxb5 49.Qxb5 Qe5 50.Qb2 Qf4 51.Qc3 Ra8 52.Rb1 Ra2 53.Ra1 Rxa1+ 
54.Qxa1 h5 55.Qc3 f6 56.Qc5 Kf7 57.d6 h4 58.d7 Qg3 59.d8=Q 1-0

[Event "22nd PKWN Festival it"]
[Site "Naleczow POL"]
[Date "1986.07.??"]
[Round "10"]
[White "Sygulski, Artur"]
[Black "Horvath, Jozsef"]
[Result "1-0"]
[WhiteElo "2425"]
[BlackElo "2440"]
[EventDate "1986.07.15"]
[PlyCount "72"]

1.d4 Nf6 2.c4 e6 3.Nf3 b6 4.g3 Ba6 5.b3 Bb4+ 6.Bd2 Be7 7.Bg2 Bb7 8.Nc3 O-O
9.O-O Na6 10.Re1 d5 11.cxd5 exd5 12.a3 c5 13.Bc1 Ne4 14.Bb2 Bf6 15.e3 Re8 
16.Rc1 Re7 17.Re2 Nc7 18.dxc5 Bxc3 19.Bxc3 bxc5 20.Ba1 Ne6 21.b4 Rc8 22.
Nh4 Rd7 23.bxc5 N4xc5 24.Rec2 Ba6 25.Bh3 Bc4 26.Nf5 Rc6 27.Nd4 Rb6 28.Bf1 
Nb3 29.Nxe6 fxe6 30.Bd4 Rb8 31.Rb1 Bxf1 32.Qxf1 Rdb7 33.Be5 Nd4 34.Rxb7 
Nf3+ 35.Kg2 Nxe5 36.Qb5 Rc8 1-0

[Event "22nd PKWN Festival it"]
[Site "Naleczow POL"]
[Date "1986.07.??"]
[Round "10"]
[White "Vukovic, Zdravko"]
[Black "Przewoznik, Jan"]
[Result "1/2-1/2"]
[WhiteElo "2365"]
[BlackElo "2415"]
[EventDate "1986.07.15"]
[PlyCount "38"]

1.e4 d5 2.exd5 Qxd5 3.Nc3 Qa5 4.Bc4 Nf6 5.Nge2 Bg4 6.h3 Bh5 7.d3 e5 8.Bg5 
Nbd7 9.Qd2 h6 10.Nd5 Qxd2+ 11.Bxd2 Nxd5 12.Bxd5 c6 13.Be4 Nc5 14.Ng3 Nxe4 
15.dxe4 Bg6 16.Be3 Bb4+ 17.c3 Ba5 18.O-O-O Bb6 19.Rhe1 f6 1/2-1/2